000 01649nam a22004457a 4500
003 CHAP
005 20220329143339.0
008 081022s2008 mx r 00010 spa d
010 _a95294
011 _a96266
035 _a106913
040 _cCHAP
090 _aTesis
100 1 _aPineda Torres, Juan Ramón.
_988179
245 1 0 _aAtenco :
_bideología de un pueblo
_c/por Juan Ramón Pineda Torres
260 _aChapingo, Méx. :
_bEl autor,
_c2008
300 _a109 h.
502 _aTesis (Ing. Agr. Esp. en Sociología Rural) -- UACH. Departamento de Sociologia Rural
530 _aTambién disponible en línea
590 _aALEPH
_b10
_c20130110
_lUCH01
_h1525
590 _aBATCH-UPD
_b10
_c20130110
_lUCH01
_h1840
590 _aBATCH-UPD
_b10
_c20130409
_lUCH01
_h2312
590 _aBATCH-UPD
_b10
_c20130410
_lUCH01
_h1408
590 _aBATCH-UPD
_b10
_c20130914
_lUCH01
_h0830
590 _aBATCH-UPD
_b10
_c20140324
_lUCH01
_h1508
590 _aBATCH-UPD
_b10
_c20141002
_lUCH01
_h0837
590 _aCONVERSION
_b10
_c20130109
_lUCH01
_h1353
650 1 4 _aCampesinado
_xMéxico (Edo.)
_918026
650 1 4 _aEjido de San Salvador Atenco, México (Edo,)
_935875
650 1 4 _aExpropiación de la tierra
_xMéxico.
_939135
650 1 4 _aIdeología.
_957294
650 1 4 _aParticipación ciudadana
_985800
650 1 4 _aPolítica social.
_990696
856 _3Finding aid
_uhttp://10.13.5.2/tesis/106913.pdf
_zTeclea aqui
901 _aBK
905 _aluisgm
942 _cFOLL
949 _aTesis
_bBC
_cTES
_d33724002072850
_eTS1
_gDonaciØn
_h48310
_i106913
_sb
949 _aTesis
_bBC
_cTES
_d33724002072892
_eTS2
_fc.2
_gDonaciØn
_h48311
_i106913
_si
999 _c95294
_d95294